| 000 | 00795nam a22002417a 4500 | ||
|---|---|---|---|
| 003 | UA-OsUOA | ||
| 001 | 40029 | ||
| 007 | ta | ||
| 008 | 20060711b un ||||| |||| 00| 0 ukr d | ||
| 100 | _aПолкинхорн Джон | ||
| 090 |
_a215:25:291.2 _bП51 |
||
| 942 | _cBK | ||
| 040 |
_aUA-OsUOA _brus _cUA-OsUOA _dUA-OsUOA |
||
| 245 | _aНаука и богословие | ||
| 300 | _a153 с. | ||
| 955 | _a2 | ||
| 041 | _arus | ||
| 080 | _a215:25:291.2 | ||
| 020 | _a5-89647-097-5 | ||
| 260 |
_aМ. _bБиблейско-Богословкий институт св. Апостола Андрея _c2004 |
||
| 650 | 7 |
_a21 Природна теологія. Теодицея (Бог). Раціональна теологія Релігійна філософія _2UDC |
|
| 999 |
_c326171 _d326171 |
||